Programa de trabajo enero-diciembre 1983

Programa de trabajo, para el año 1983, de la Dirección General de Mujer y Familia, en el que se exponen las inquietudes y expectativas de las organizaciones e instituciones que trabajan en programas relacionados con las mujeres o la familia. Comenta sobre las aspiraciones del personal de la Direcció...

Повний опис

Збережено в:
Бібліографічні деталі
Співавтор: Costa Rica. Ministerio de Cultura, Juventud y Deportes. Dirección General de Mujer y Familia
Формат: Текст
Опубліковано: San José: La Dirección
Предмети:
Теги: Додати тег
Немає тегів, Будьте першим, хто поставить тег для цього запису!

MARC

LEADER 00000 a a2200000 04500
001 12996
003
040
090 |a 027600  
110 |a Costa Rica. Ministerio de Cultura, Juventud y Deportes. Dirección General de Mujer y Familia  
245 |a Programa de trabajo enero-diciembre 1983  
260 |a San José:   |b La Dirección  
300 |a 42 p.  
520 |a Programa de trabajo, para el año 1983, de la Dirección General de Mujer y Familia, en el que se exponen las inquietudes y expectativas de las organizaciones e instituciones que trabajan en programas relacionados con las mujeres o la familia. Comenta sobre las aspiraciones del personal de la Dirección, enmarcados dentro los lineamientos políticos que las autoridades ministeriales explicitaron para la Dirección. SFA/mb  
650 |a DIRECCION GENERAL DE MUJER Y FAMILIA (COSTA RICA)  
650 |a MUJERES  
650 |a FAMILIA  
650 |a CAPACITACION  
650 |a FORMACION PROFESIONAL  
650 |a ORGANIZACIONES FEMENINAS  
650 |a INVESTIGACION SOCIAL  
650 |a PROGRAMAS DE TRABAJO  
999 |c 13688  |d 13688